NBA All-Star Game Starters 1990's - Statistics

General Stats
  • This quiz has been taken 4,524 times
  • The average score is 26 of 35
Answer Stats
Player Team # % Correct
Michael Jordan Bulls 7
100%
Shaquille O'Neal Lakers / Magic 5
99%
Karl Malone Jazz 6
98%
Scottie Pippen Bulls 6
98%
Hakeem Olajuwon Rockets 5
97%
John Stockton Jazz 3
97%
Magic Johnson Lakers 3
96%
Isiah Thomas Pistons 3
95%
Kobe Bryant Lakers 1
95%
Charles Barkley Suns / 76ers 6
93%
Gary Payton SuperSonics 2
93%
David Robinson Spurs 3
92%
Kevin Garnett Timberwolves 1
92%
Penny Hardaway Magic 4
92%
Clyde Drexler Rockets / Trail Blazers 4
91%
Larry Bird Celtics 1
91%
Patrick Ewing Knicks 3
91%
Kevin Johnson Suns 1
86%
Larry Johnson Hornets 1
86%
Reggie Miller Pacers 1
85%
Shawn Kemp Cavaliers / SuperSonics 5
84%
James Worthy Lakers 1
82%
Jason Kidd Mavericks 1
78%
Joe Dumars Pistons 1
78%
Chris Mullin Warriors 2
76%
Dikembe Mutombo Hawks 2
74%
Grant Hill Pistons 4
71%
Mitch Richmond Kings 1
45%
B.J. Armstrong Bulls 1
42%
A.C. Green Lakers 1
32%
Derrick Coleman Nets 1
27%
Latrell Sprewell Warriors 1
27%
Dan Majerle Suns 1
26%
Bernard King Bullets 1
23%
Kenny Anderson Nets 1
16%
No matching quizzes found
Score Distribution
Percent of People with Each Score
Percentile by Number Answered
Your Score History
You have not taken this quiz